ბათუმის შოთა რუსთაველის სახელმწიფო უნივერსიტეტის ბიბლიოთეკა

სამკურნალო წიგნი : (ბიბ.ჩანაწერი № 61915)

000 -ლიდერი
ფიქსირებული სიგრძის საკონტროლო ველი 00967nam a22002057a 4500
003 - საკონტროლო ნომრის იდენტიფიკატორი
საკონტროლო ველი Ge_BSU
005 - ბოლო ოპერაციის თარიღი და დრო
საკონტროლო ველი 20240607151150.0
008 - ფიქსირებული სიგრძის მონაცემთა ელემენტები - ზოგადი ინფორმაცია
ფიქსირებული სიგრძის საკონტროლო ველი 240607s1950 ge ||||| |||| 00| 0 geo d
041 ## - ენის კოდი
Language code of text/sound track or separate title geo
080 ## - უნივერსალური ათობითი კლასიფიკაციის ინდექსი
Universal Decimal Classification number 615.89(479.22) ფ-23
100 ## - მთავარი ჩანაწერი - პიროვნების სახელი
Personal name ფანასკერტელი, ზაზა
9 (RLIN) 22362
245 ## - ცნობა სათაურის შესახებ
Title სამკურნალო წიგნი :
Remainder of title კარაბადინი /
Statement of responsibility, etc მიხეილ სააკაშვილის რედაქციით.
264 ## - წარმოების, გამოცემის, დისტრიბუციის და სხვა ცნობები
გამოცემის, წარმოების, დისტრიბუციის... ადგილი თბ. :
გამოცემის, წარმოების, დისტრიბუციის... სახელწოდება საქმედგამი,
გამოცემის, წარმოების, დისტრიბუციის... თარიღი 1950.
300 ## - ფიზიკური აღწერა
Extent 512 გვ. ;
Other physical details 25 სმ.
653 ## - INDEX TERM--UNCONTROLLED
Uncontrolled term ქართული ხალხური მედიცინა
653 ## - INDEX TERM--UNCONTROLLED
Uncontrolled term სამკურნალო წიგნები.
653 ## - INDEX TERM--UNCONTROLLED
Uncontrolled term მედიცინის ისტორია საქართველოში
700 ## - ADDED ENTRY--PERSONAL NAME
Personal name სააკაშვილი, მიხეილ
Relator term რედაქტორი
9 (RLIN) 22363
942 ## - ADDED ENTRY ELEMENTS (KOHA)
Source of classification or shelving scheme
Koha item type წიგნი
ეგზემპლარები
ჩამოწერის სტატუსი დაკარგული ეგზემპლარის სტატუსი კლასიფიკაციის წყარო ან თაროზე გაწყობის სქემა დაზიანების სტატუსი არ გაიცემა მუდმივი მდებარეობა (დაცვის ადგილი) ამჟამინდელი ადგილსამყოფელი თაროზე განთავსების ადგილი შეძენის თარიღი ღირებულება, შესყიდვის ნორმალური ფასი სრული შენახვის შიფრი შტრიხკოდი ბოლო ოპერაციის თარიღი ეგზემპლარის მიმდევრობითი ნომერი (კეტერი?) ფასის ძალაში შესვლის თარიღი ეგზემპლარის სახეობა საჯარო შენიშვნა
          ბათუმის შოთა რუსთაველის სახელმწიფო უნივერსიტეტის მთავარი ბიბლიოთეკა ბათუმის შოთა რუსთაველის სახელმწიფო უნივერსიტეტის მთავარი ბიბლიოთეკა წიგნსაცავი 2024-06-07 13.00 615.89(479.22) ფ-23 68065 2024-06-07 68065 2024-06-07 წიგნი 13 ლ.
          ბათუმის შოთა რუსთაველის სახელმწიფო უნივერსიტეტის მთავარი ბიბლიოთეკა ბათუმის შოთა რუსთაველის სახელმწიფო უნივერსიტეტის მთავარი ბიბლიოთეკა წიგნსაცავი 2024-06-07 13.00 615.89(479.22) ფ-23 68066 2024-06-07 68066 2024-06-07 წიგნი 13 ლ.